Fußball: Deutsche Vereine, die in einem internationalen Finale standen - Statistiken

Allgemein
  • Dieses Quiz wurde 2.565 mal gespielt
    2.405 seit der letzten Aktualisierung
  • Das Durchschnittsergebnis liegt bei 10 aus 15
Antwortstatistiken
Anzahl Saison Verein % Korrekt
13x EdL/CL: 74,'75,'76,'82,'87, '99,'01,'10,'12,'13,'20 (S,S,S,N,N,N,S,N,N,S,S) EdP: '67 (S) UEFA-Cup: '96 (S) Bayern München
100%
6x CL: 97,'13,‘24 (S,N,N)
EdP: '66 (S) UEFA-Cup: '93,'02 (N,N)
Borussia Dortmund
100%
5x EdL: '80,'83 (N,S)EdP: '68,'77 (N,S) UEFA-Cup: '82 (N) Hamburger SV
97%
3x EdL/CL: '60 (N)UEFA-Cup: '80,'22 (S,S) Eintracht Frankfurt
94%
1x UEFA-Cup: '97 (S) FC Schalke 04
91%
3x CL: '02 (N) UEFA-Cup/EL: '88,‘24 (S,N) Bayer Leverkusen
90%
2x EdP: '92 (S)UEFA-Cup/EL: '09 (N) Werder Bremen
89%
5x EdL/CL: '77 (N)UEFA-Cup: '73,'75,'79,'80 (N,S,S,N) Borussia Mönchengladbach
86%
2x EdP: '98 (N) UEFA-Cup: '89 (N) VfB Stuttgart
77%
1x UEFA-Cup: '86 (N) 1. FC Köln
73%
1x EdP: '65 (N) TSV 1860 München
47%
1x EdP: '74 (S) 1. FC Magdeburg
39%
1x EdP: '79 (N) Fortuna Düsseldorf
38%
1x EdP: '81 (N) FC Carl Zeiss Jena
16%
1x EdP: '87 (N) 1. FC Lokomotive Leipzig
9%
Keine übereinstimmenden Quizze gefunden
Verteilung der Resultate
Anzahl Personen mit jedem Resultat
Perzentil nach korrekt beantworteten Fragen
Ihre Resultats-Entwicklung
Sie haben dieses Quiz seit der letzten Aktualisierung nicht gespielt